Benicio Del Toro Filmography - Statistics

General Stats
  • This quiz has been taken 160 times
    50 since last reset
  • The average score is 26 of 76
Answer Stats
Type Year Name % Correct
Film 2000 Traffic
92%
Film 2025 One Battle After Another
88%
Film 2015 Sicario
88%
Film 2014 Guardians of the Galaxy
83%
Film 2025 The Phoenician Scheme
75%
Film 2008 Che
71%
Film 2018 Sicario: Day of the Soldado
71%
Film 1995 The Usual Suspects
71%
Film 2003 21 Grams
67%
Film 2018 Avengers: Infinity War
67%
Film 2000 Snatch
67%
Film 2017 Star Wars: The Last Jedi
67%
Film 2021 The French Dispatch
63%
Film 1998 Fear and Loathing in Las Vegas
58%
Film 1989 Licence to Kill
58%
Film 2014 Inherent Vice
54%
Film 2013 Thor: The Dark World
54%
Film 2014 Escobar: Paradise Lost
46%
Film 1997 Excess Baggage
46%
Film 2023 Reptile
46%
Film 2010 The Wolfman
46%
Film 1988 Big Top Pee-wee
42%
Film 2001 The Pledge
42%
Film 2000 The Way of the Gun
42%
Film 1996 Basquiat
38%
Commercial 2002 Mercedes SL
38%
Film 2021 No Sudden Move
38%
Film 1994 Swimming with Sharks
38%
Film 2003 The Hunted
38%
Film 2019 Avengers: Endgame
33%
Film 1994 China Moon
33%
Music Video 1987 La Isla Bonita
33%
TV Show 1987 Miami Vice
33%
Film 2012 Savages
33%
Film 2005 Sin City
33%
Film 1996 The Funeral
33%
Film 2007 Things We Lost in the Fire
33%
Film 2011 7 Days in Havana
29%
Film 2015 A Perfect Day
29%
TV Mini-Series 2018 Escape at Dannemora
29%
Film 1993 Fearless
29%
Film 1996 The Fan
29%
Film 1992 Christopher Columbus: The Discovery
25%
TV Mini-Series 1990 Drug Wars: The Camarena Story
25%
Theme Park Attraction 2017 Guardians of the Galaxy - Mission: Breakout!
25%
Commercial 2016-2017 Heineken
25%
Film 2013 Jimmy P: Psychotherapy of a Plains Indian
25%
Film 1997 Joyride
25%
Web Series 2021 What If...?
25%
Film 1996 Cannes Man
21%
Film 1993 Money for Nothing
21%
Film TBA All-Star Weekend
17%
Commercial 1990 Calvin Klein: Obsession
17%
Film 1993 Huevos de Oro
17%
TV Show 1987 Private Eye
17%
Film 1991 The Indian Runner
17%
Film TBA White Lies
17%
Music Video 2001 Astounded
13%
Film 2000 Bread and Roses
13%
Film 2019 Dora and the Lost City of Gold
13%
TV Show 1995 Fallen Angels
13%
Commercial 2010 Magnum Ice Cream
13%
TV Show 1987 Ohara
13%
TV Show 1987 Shell Game
13%
Film 1995 Submission
13%
TV Show 1994 Tales from the Crypt
13%
Film 2015 The Little Prince
13%
Documentary 2011 The Upsetter: The Life and Music of Lee Scratch Perry
13%
TV Show 2008 Todos Contra Juan
13%
Film 2010 Somwhere
8%
Short Documentary 2009 El Yunque: Journey Into a Tropical Rain Forest
4%
Short Film 2012 Savages: The Interrogations
4%
Short Film 2017 Take Flight - The New York Times
4%
Short Documentary 2024 Elysian Park and the Stone Quarry Hills
0%
TV Special 2014 Premio Donostia a Benicio del Toro
0%
Documentary 2022 Teofilo
0%
No matching quizzes found
Score Distribution
Percent of People with Each Score
Percentile by Number Answered
Your Score History
You have not taken this quiz since the last reset